[Event "Novi Sad ol (Men)"]
[Site "Novi Sad"]
[Date "1990.??.??"]
[Round "4"]
[White "Carton, Patrick"]
[Black "Wessman, Richard"]
[Result "0-1"]
[WhiteElo "2240"]
[BlackElo "2500"]

1.e4 c5 2.Nf3 Nc6 3.d4 cxd4 4.Nxd4 Nf6 5.Nc3 d6 6.Bg5 h6 7.Bxf6 gxf6 8.f4 e6
9.Qd2 Qb6 10.O-O-O a6 11.g3 Nxd4 12.Qxd4 Qxd4 13.Rxd4 Bd7 14.f5 Rc8 15.Bh3 h5
16.Rd3 h4 17.Kd1 Ke7 18.Ne2 hxg3 19.hxg3 Bh6 20.Nf4 Rcg8 21.Rc3 Bxf4 22.gxf4 Bc6
23.Re1 Rh4 24.e5 dxe5 25.fxe5 Rd4+ 26.Kc1 fxe5 27.fxe6 f6 28.Rce3 Bd5 29.c3 Rf4
30.Rd1 Bxe6 31.Bxe6 Kxe6 32.Red3 Rg2 33.Rd7 b5 34.R7d6+ Kf5 35.Rxa6 Rff2
36.Rdd6 Rf1+ 37.Rd1 Rxd1+ 38.Kxd1 Rxb2 39.Kc1 Rf2 40.Rb6 Rxa2 41.Rxb5 Ke4  0-1

[Event "Novi Sad ol (Men)"]
[Site "Novi Sad"]
[Date "1990.??.??"]
[Round "7"]
[White "Mokry, Karel"]
[Black "Damljanovic, Branko"]
[Result "1-0"]
[WhiteElo "2490"]
[BlackElo "2515"]

1.e4 c5 2.Nf3 Nc6 3.d4 cxd4 4.Nxd4 Nf6 5.Nc3 d6 6.Bg5 e6 7.Qd2 a6 8.O-O-O Bd7
9.f4 b5 10.Bxf6 gxf6 11.Kb1 Qb6 12.Nce2 Na5 13.b3 Rb8 14.c3 h5 15.g3 Qb7
16.Bg2 e5 17.Nc2 Nc4 18.Qd3 a5 19.Nc1 h4 20.Qe2 Rg8 21.gxh4 Qc6 22.Bf3 Nb6
23.Rd3 Bh6 24.fxe5 dxe5 25.Rhd1 Be6 26.Ne3 Bxe3 27.Qxe3 Nc4 28.Qa7 Ra8 29.Qf2 Na3+
30.Kb2 b4 31.Qd2 Qb6 32.c4 Kf8 33.Rd6 Qc7 34.Rd8+ Rxd8 35.Qxd8+ Qxd8 36.Rxd8+ Kg7
37.Rxg8+ Kxg8 38.Nd3 Kg7 39.Nc5 Bc8 40.h3 f5 41.exf5 Bxf5 42.Be4 Bxe4 43.Nxe4 f5
44.Nd6 f4 45.Kc1 f3 46.Kd2 Nb1+ 47.Ke3 Nc3 48.Kxf3 a4 49.c5 Nxa2 50.c6 axb3
51.Nc4 e4+ 52.Kg2  1-0

[Event "Novi Sad ol (Men)"]
[Site "Novi Sad"]
[Date "1990.??.??"]
[Round "7"]
[White "Tsuboi, Edson Kenji"]
[Black "Kosic, Dragan"]
[Result "1/2-1/2"]
[WhiteElo "2315"]
[BlackElo "2480"]

1.e4 c5 2.Nf3 d6 3.d4 cxd4 4.Nxd4 Nf6 5.Nc3 Nc6 6.Bg5 e6 7.Qd2 Be7 8.O-O-O Nxd4
9.Qxd4 O-O 10.f4 Qa5 11.Bc4 Bd7 12.e5 dxe5 13.fxe5 Bc6 14.Bd2 Nd7 15.Nd5 Qd8
16.Nxe7+ Qxe7 17.Rhe1 b5 18.Bf1 Rfc8 19.h4 Qc5 20.Bb4 Qxd4 21.Rxd4 a5 22.Bd6 b4
23.Kb1 Bd5 24.g4 Nb6 25.g5 Nc4 26.Bxc4 Bxc4  1/2-1/2

[Event "Novi Sad ol (Men)"]
[Site "Novi Sad"]
[Date "1990.??.??"]
[Round "8"]
[White "Wang Zili"]
[Black "Steingrimsson, Hedinn"]
[Result "1-0"]
[WhiteElo "2520"]
[BlackElo "2405"]

1.e4 c5 2.Nf3 d6 3.d4 cxd4 4.Nxd4 Nf6 5.Nc3 Nc6 6.Bg5 e6 7.Qd2 a6 8.O-O-O h6
9.Bf4 Bd7 10.Nxc6 Bxc6 11.f3 d5 12.Qe1 Bb4 13.a3 Ba5 14.Bd2 Bc7 15.Kb1 Qb8
16.exd5 Nxd5 17.Nxd5 Bxd5 18.Bb4 Bc6 19.Bc4 a5 20.Bc5 Be5 21.f4 b6 22.Qe4 Qc7
23.Bb5 Rc8 24.Bxc6+ Qxc6 25.Qxe5 Qxc5 26.Qxg7 Qxc2+ 27.Ka1 Ke7 28.Rhe1 Rhd8
29.Rxe6+ Kxe6 30.Qe5+  1-0

[Event "Novi Sad ol (Men)"]
[Site "Novi Sad"]
[Date "1990.??.??"]
[Round "8"]
[White "Garbett, Paul Anthony"]
[Black "Kotronias, Vasilios"]
[Result "1-0"]
[WhiteElo "2285"]
[BlackElo "2510"]

1.e4 c5 2.Nf3 d6 3.d4 cxd4 4.Nxd4 Nf6 5.Nc3 Nc6 6.Bg5 e6 7.Qd2 Be7 8.O-O-O O-O
9.Nb3 a6 10.Bxf6 gxf6 11.f4 Kh8 12.f5 Rg8 13.Ne2 Bf8 14.Kb1 Qe7 15.g3 b5
16.Nf4 Rb8 17.Bh3 b4 18.Rhf1 a5 19.Qf2 Rb5 20.Qe2 Re5 21.Qc4 Bd7 22.Nd3 a4
23.Nd2 Ra5 24.Nf3 b3 25.cxb3 axb3 26.a3 Bh6 27.Nd4 Ne5 28.Nxe5 dxe5 29.fxe6 Rc5
30.Nf5 Bxe6 31.Nxe7 Bxc4 32.Nxg8 Bxf1 33.Nxh6 Bxh3 34.Rc1 Ra5 35.g4 Kg7 36.Rc3 Bg2
37.Nf5+ Kg6 38.Nh4+ Kg5 39.Nxg2 Ra4 40.Rxb3 Rxe4 41.Rg3 h5 42.gxh5+ Kxh5
43.b4 f5 44.Re3  1-0

[Event "Novi Sad ol (Men)"]
[Site "Novi Sad"]
[Date "1990.??.??"]
[Round "9"]
[White "Jones, Andrew"]
[Black "Maki, Veijo"]
[Result "1-0"]
[WhiteElo "2245"]
[BlackElo "2415"]

1.e4 c5 2.Nf3 Nc6 3.d4 cxd4 4.Nxd4 Nf6 5.Nc3 d6 6.Bg5 e6 7.Qd2 a6 8.O-O-O Bd7
9.f4 h6 10.Bh4 g5 11.fxg5 Ng4 12.Nxc6 Bxc6 13.Be2 Ne5 14.g3 Ng6 15.Kb1 h5
16.Rhf1 Bg7 17.Qe3 Be5 18.Rd3 Rc8 19.Bf3 b5 20.Ne2 b4 21.Nd4 Ba4 22.Rf2 Qb6
23.Rfd2 Rc3 24.Rxc3 bxc3 25.Qxc3 Ke7 26.Qe3 Rb8 27.c3 a5 28.Bxh5 Be8 29.Bxg6 fxg6
30.g4 a4 31.Bf2 Qa6 32.Nf3 Bc6 33.Nxe5 dxe5 34.Qc5+ Kf7 35.Qxe5 Rxb2+ 36.Kxb2 a3+
37.Kc1 Qf1+ 38.Rd1 Qxf2 39.Qc7+ Kf8 40.Qd8+ Kf7 41.Qf6+ Qxf6 42.gxf6 Kxf6
43.Rd4  1-0

[Event "Novi Sad ol (Men)"]
[Site "Novi Sad"]
[Date "1990.??.??"]
[Round "10"]
[White "Bryson, Douglas M"]
[Black "Martin del Campo, Roberto"]
[Result "1/2-1/2"]
[WhiteElo "2335"]
[BlackElo "2410"]

1.e4 c5 2.Nf3 d6 3.d4 cxd4 4.Nxd4 Nf6 5.Nc3 Nc6 6.Bg5 e6 7.Qd2 a6 8.O-O-O Bd7
9.f4 h6 10.Bh4 g5 11.fxg5 Ng4 12.Be2 Nge5 13.Nf3 Be7 14.Bg3 hxg5 15.Rhf1 Qa5
16.Kb1 f6 17.Nd4 b5 18.Nxc6 Bxc6 19.Bd3 Qb6 20.Ne2 a5 21.h3 b4 22.Bf2 Qb7
23.Nd4 Bd7 24.Qe2 Rb8 25.Nf3 a4 26.Nxe5 dxe5 27.Be3 Bc6 28.Bc1 Rh4 29.g3 Rxh3
30.Qg4 Rh8 31.Bxg5 b3 32.Bc1 bxa2+ 33.Kxa2 Kf7 34.Qxe6+ Kxe6 35.Bc4+ Bd5
36.Bxd5+ Qxd5+ 37.exd5+ Kd6 38.Rfe1 Rhc8 39.c3 Rg8 40.Rd3 f5 41.Rf1 Rb5 42.Rff3 Rxd5
43.Rxd5+ Kxd5 44.Rxf5 Rxg3 45.Rh5 Bd6 46.b3 axb3+ 47.Kxb3 Rg8 48.Kc2  1/2-1/2

[Event "Novi Sad ol (Men)"]
[Site "Novi Sad"]
[Date "1990.??.??"]
[Round "11"]
[White "Schepel, Kaarlo"]
[Black "Sunthornpongsathorn, Veeraphol"]
[Result "0-1"]
[WhiteElo "2255"]
[BlackElo "2320"]

1.e4 c5 2.Nf3 d6 3.d4 cxd4 4.Nxd4 Nf6 5.Nc3 Nc6 6.Bg5 e6 7.Be2 Be7 8.Qd3 a6
9.f4 Qc7 10.O-O-O Bd7 11.Qg3 h6 12.Bh4 O-O 13.Nf3 Rac8 14.Bd3 Nb4 15.Rhe1 b5
16.Ne5 dxe5 17.fxe5 Nh5 18.Bxe7 Nxg3 19.Bxb4 Nh5 20.Bd6 Qb7 21.Rf1 g6 22.g4 Ng7
23.Rf3 Bc6 24.a3 Rfd8 25.Rdf1 Rd7 26.Rh3 a5 27.b4 Ne8 28.Bc5 axb4 29.axb4 Qb8
30.Rxh6 Qxe5 31.Kd2 Nd6 32.Re1 Qg5+ 33.Be3 Nc4+  0-1

[Event "Novi Sad ol (Men)"]
[Site "Novi Sad"]
[Date "1990.??.??"]
[Round "11"]
[White "Sisniega, Marcel"]
[Black "Garbett, Paul Anthony"]
[Result "1-0"]
[WhiteElo "2495"]
[BlackElo "2285"]

1.e4 c5 2.Nf3 d6 3.d4 cxd4 4.Nxd4 Nf6 5.Nc3 Nc6 6.Bg5 e6 7.Qd2 a6 8.O-O-O h6
9.Bf4 Bd7 10.Nxc6 Bxc6 11.f3 d5 12.Qe1 Bb4 13.a3 Ba5 14.Bd2 Qe7 15.e5 Nd7
16.Kb1 Bc7 17.f4 f6 18.exf6 Qxf6 19.g3 O-O 20.Bg2 b5 21.Ne2 Bb7 22.Bc3 Qf7
23.Nd4 Rfe8 24.Rf1 Nf6 25.Nf3 a5 26.Ne5 Qe7 27.g4 Nd7 28.Nd3 Ra7 29.Bd4 Bb6
30.Bxb6 Nxb6 31.Qf2 Qd6 32.g5 Bc8 33.gxh6 gxh6 34.Qh4 Kh7 35.Ne5 Qf8 36.Rg1 Rg7
37.Bf1 Kg8 38.Bd3 Qc5 39.Qxh6 Qxg1 40.Bh7+  1-0

[Event "Novi Sad ol (Men)"]
[Site "Novi Sad"]
[Date "1990.??.??"]
[Round "12"]
[White "Yasseen, Aly"]
[Black "Tsuboi, Edson Kenji"]
[Result "0-1"]
[WhiteElo "2325"]
[BlackElo "2315"]

1.e4 c5 2.Nf3 d6 3.d4 cxd4 4.Nxd4 Nf6 5.Nc3 Nc6 6.Bg5 e6 7.Qd2 Be7 8.O-O-O O-O
9.Nb3 a5 10.a4 d5 11.Bb5 Nxe4 12.Nxe4 dxe4 13.Qxd8 Bxd8 14.Bxd8 Nxd8 15.Nc5 f5
16.Rd6 Nf7 17.Rb6 Rd8 18.Rd1 Rxd1+ 19.Kxd1 Kf8 20.Bc4 Nd8 21.Nxe6+ Nxe6 22.Bxe6 Bxe6
23.Rxe6 g6 24.Rb6 Ra7 25.Ke2 Ke7 26.h4 Kf7 27.Ke3 Kg7 28.Kf4 Kh6 29.c4 Kh5
30.g3 Kh6 31.c5 Kh5 32.b3 h6 33.Rb5 Ra8 34.Rxb7 Rd8 35.c6 Rd5 36.c7 g5+ 37.hxg5 hxg5+
38.Ke3 Rd3+ 39.Ke2 Rc3 40.b4 axb4 41.a5 f4 42.gxf4 gxf4 43.a6 f3+ 44.Ke1 e3
45.fxe3 Kg4 46.a7 Kg3 47.a8=Q f2+ 48.Kd2 f1=Q 49.Qg8+ Kh2 50.Qh7+ Kg1 51.Qg6+ Kh1
52.Qe4+ Kg1 53.Qg4+ Kh1 54.Qh4+ Kg1 55.Qg3+ Kh1 56.c8=Q Rd3+  0-1

[Event "Novi Sad ol (Men)"]
[Site "Novi Sad"]
[Date "1990.??.??"]
[Round "13"]
[White "Garma, Chito"]
[Black "Kosic, Dragan"]
[Result "1/2-1/2"]
[WhiteElo "2280"]
[BlackElo "2480"]

1.e4 c5 2.Nf3 d6 3.d4 cxd4 4.Nxd4 Nf6 5.Nc3 Nc6 6.Bg5 e6 7.Qd2 Be7 8.O-O-O O-O
9.f4 e5 10.Nf5 Bxf5 11.exf5 Nd4 12.Bd3 Qa5 13.Kb1 Rfc8 14.Bxf6 Bxf6 15.Ne4 Qxd2
16.Nxf6+ gxf6 17.Rxd2 d5 18.c3 Nc6 19.fxe5 fxe5 20.Bb5 Rd8 21.Rhd1 a6 22.Ba4 b5
23.Bc2 d4 24.Be4 dxc3 25.bxc3 Rxd2 26.Rxd2 Rd8 27.Rxd8+ Nxd8 28.a4 bxa4 29.c4 Kf8
30.f6 h6 31.c5 Ne6 32.c6 Ke8 33.Bf5 Nc7 34.g4 Nd5 35.h4 e4 36.g5 hxg5 37.hxg5 e3
38.Bg4 Kd8 39.Kb2 Nf4 40.Be2 Kc7 41.Bc4 Ne6 42.Kc3 Nxg5 43.Kd3 Kxc6 44.Kxe3 Kc5
45.Kd3 Kb4 46.Bd5 a5 47.Kc2 Kc5 48.Ba2 Kb5 49.Bd5 Kb4 50.Kb2 Kc5 51.Ba2 Kb4
52.Bd5 a3+ 53.Ka2 a4 54.Ka1 Kc5 55.Ba2 Kd4 56.Kb1 Ke5 57.Bxf7 Nxf7 58.Ka2 Kxf6
59.Kxa3  1/2-1/2

[Event "Pamplona"]
[Site "Pamplona"]
[Date "1990.??.??"]
[Round "?"]
[White "De la Villa Garcia, Jesus Maria"]
[Black "Gomez Esteban, Juan Mario"]
[Result "1-0"]
[WhiteElo "2475"]
[BlackElo "2415"]

1.e4 c5 2.Nf3 d6 3.d4 cxd4 4.Nxd4 Nf6 5.Nc3 Nc6 6.Bg5 e6 7.Qd2 Be7 8.O-O-O O-O
9.Nb3 Qb6 10.f3 a6 11.h4 Rd8 12.h5 Qc7 13.g4 b5 14.Be3 Ne5 15.g5 Nfd7 16.g6 fxg6
17.hxg6 Nf8 18.gxh7+ Kh8 19.Qf2 Rb8 20.f4 Ng4 21.Qg3 Nxe3 22.Qxg7+ Kxg7 23.h8=Q+ Kf7
24.Qh5+ Ng6 25.Qh7+ Kf6 26.Rh6 Nxd1 27.Rxg6+  1-0

[Event "Paris-ch"]
[Site "Paris"]
[Date "1990.??.??"]
[Round "?"]
[White "Gallagher, Joseph G"]
[Black "Giffard, Nicolas"]
[Result "1-0"]
[WhiteElo "2470"]
[BlackElo "2320"]

1.e4 c5 2.Nf3 Nc6 3.d4 cxd4 4.Nxd4 Nf6 5.Nc3 d6 6.Bg5 Qb6 7.Nb3 e6 8.Bd3 Be7
9.O-O O-O 10.Be3 Qc7 11.f4 Nb4 12.Qf3 Bd7 13.a4 e5 14.Kh1 Bg4 15.Qg3 Be6
16.fxe5 dxe5 17.Nb5 Qc8 18.Nxa7 Qb8 19.Nc5 Rxa7 20.Nxe6 fxe6 21.Bxa7 Qxa7
22.Qxe5 Qb6 23.Bc4 Nxc2 24.Qxe6+ Qxe6 25.Bxe6+ Kh8 26.Rac1 Nd4 27.Bd5 Rb8
28.Rc7 Nxd5 29.exd5 Bf6 30.Rfc1 Kg8 31.Rc8+ Rxc8 32.Rxc8+ Kf7 33.Rc7+ Ke8
34.Rxb7 Kd8 35.a5 Kc8 36.a6 Ne2 37.d6  1-0

[Event "Paris-ch"]
[Site "Paris"]
[Date "1990.??.??"]
[Round "?"]
[White "Sokolowski, Stanislaw"]
[Black "Giffard, Nicolas"]
[Result "1/2-1/2"]
[WhiteElo "2230"]
[BlackElo "2320"]

1.e4 c5 2.Nf3 d6 3.d4 cxd4 4.Nxd4 Nf6 5.Nc3 Nc6 6.Bg5 Qb6 7.Nb3 e6 8.Bxf6 gxf6
9.Qd2 a6 10.O-O-O Be7 11.f4 Bd7 12.g3 O-O 13.Bh3 Rad8 14.Rhf1 Kh8 15.f5 Bc8
16.Qh6 Rg8 17.Kb1 Ne5 18.Ne2 Ng4 19.Bxg4 Rxg4 20.Nf4 Rdg8 21.Qh5 R4g7 22.Nd4 e5
23.Nd5 Qd8 24.Ne2 Bd7 25.Nec3 Bf8 26.Ne3 Be8 27.Ncd5 Rg5 28.Qf3 Bc6 29.a3 Bh6
30.Rg1 R5g7 31.Nf1 Rg4 32.Rg2 R4g7 33.Qh5 Bg5 34.Rf2 Bxd5 35.Rxd5 Qb6 36.Qe2 Rc8
37.Rf3 Rc6 38.Rfd3 Rg8 39.h4 Bh6 40.Qh5 Kg7 41.Qd1 Rd8 42.Nh2 Qf2 43.Ng4 Qg2
44.Nxh6 Kxh6 45.Re3 Qf2 46.Rf3 Qg2 47.Rd2 Qh3 48.Rb3 b5 49.Qf3 Kg7 50.Rbd3 Kf8
51.b3 Ke7 52.Kb2 Rg8 53.Qd1 Rd8 54.Qf3 Rg8 55.Qe3 Rgc8 56.Qf3 Rg8 57.Qd1 Rd8
58.Qe2 Rdc8 59.Qf2 Qg4 60.Qe3 Rd8 61.Rd5 Rd7 62.Qd3 Rd8 63.Ka2 Rd7 64.c4 bxc4
65.bxc4 Qg8 66.c5 Qd8 67.cxd6+ Rdxd6 68.Rxd6 Rxd6 69.Qxd6+ Qxd6 70.Rxd6 Kxd6
71.Kb3 Kc5 72.Kc3 Kb5  1/2-1/2

[Event "World op"]
[Site "Philadelphia"]
[Date "1990.??.??"]
[Round "4"]
[White "Byrne, Robert E"]
[Black "Wharton, William"]
[Result "1/2-1/2"]
[WhiteElo "2460"]
[BlackElo "2230"]

1.e4 c5 2.Nf3 Nc6 3.d4 cxd4 4.Nxd4 Nf6 5.Nc3 d6 6.Bg5 e6 7.Qd2 a6 8.O-O-O h6
9.Bf4 Bd7 10.Nxc6 Bxc6 11.Qe1 Qa5 12.f3 Rd8 13.Bc4 Be7 14.Bb3 b5 15.e5 dxe5
16.Rxd8+ Qxd8 17.Qxe5 Qc8 18.Rd1 O-O 19.Qc7 Qxc7 20.Bxc7 Rc8 21.Bd6 Kf8 22.a3  1/2-1/2

[Event "World op"]
[Site "Philadelphia"]
[Date "1990.??.??"]
[Round "6"]
[White "Tan, Oscar"]
[Black "Shirazi, Kamran G"]
[Result "0-1"]
[WhiteElo "2255"]
[BlackElo "2420"]

1.e4 c5 2.Nf3 Nc6 3.d4 cxd4 4.Nxd4 Nf6 5.Nc3 d6 6.Bg5 e6 7.Qd2 a6 8.O-O-O Bd7
9.Kb1 b5 10.Nxc6 Bxc6 11.f3 b4 12.Ne2 Qb6 13.Nd4 Bd7 14.Bc4 Be7 15.e5 dxe5
16.Nf5 exf5 17.Bxf6 Qxf6 18.Qxd7+ Kf8 19.Qb7 Rd8 20.Bxa6 g6 21.Rxd8+ Bxd8
22.Rd1 Qb6 23.Qd5 Kg7 24.Qxe5+ Bf6 25.Qe2 Ra8 26.Bc4 Qc7 27.Bb3 Qxh2 28.Re1 Rd8
29.a4 bxa3 30.bxa3 Qc7 31.Qc4 Qa7 32.Ka2 Rd4 33.Qb5 Qc7 34.Qe8 Rd2 35.Kb1 Qc3
36.Qxf7+ Kh6  0-1

[Event "URS-chT"]
[Site "Podolsk"]
[Date "1990.??.??"]
[Round "?"]
[White "Vitolinsh, Alvis"]
[Black "Sherbakov, Ruslan"]
[Result "0-1"]
[WhiteElo "2430"]
[BlackElo "2360"]

1.e4 c5 2.Nf3 d6 3.d4 cxd4 4.Nxd4 Nf6 5.Nc3 Nc6 6.Bg5 e6 7.Qd2 a6 8.O-O-O Bd7
9.f4 b5 10.e5 dxe5 11.fxe5 Nxe5 12.Qe1 Qb8 13.Kb1 b4 14.Ne4 Nd5 15.Nf3 Bc6
16.Nd4 Bd7 17.Nb3 Qb6 18.Bc4 Nxc4 19.Rxd5 h6 20.Bh4 Qe3 21.Rd4 Qxe1+ 22.Rxe1 Bb5
23.Nbc5 Bxc5 24.Nxc5 g5 25.Bg3 Rc8 26.Nd3 a5 27.Rd5 Ba4 28.Rc5 Rxc5 29.Nxc5 Bc6
30.b3 Na3+ 31.Kb2 Nb5 32.Re5 Bd5 33.a4 bxa3+ 34.Ka2 Nc3+ 35.Kxa3 Ke7 36.Re3 Nb5+
37.Ka4 Nd6 38.Kxa5 Rc8 39.Bxd6+ Kxd6 40.b4 Bxg2 41.Rd3+ Ke5 42.Rd2 Bf3 43.c4 g4
44.Nd7+ Kf4 45.c5 h5 46.b5 h4 47.Kb6 g3 48.hxg3+ hxg3 49.c6 g2 50.Rxg2 Bxg2
51.Kb7 Rh8 52.Kc7 e5  0-1

[Event "URS-chT"]
[Site "Podolsk"]
[Date "1990.??.??"]
[Round "?"]
[White "Zezulkin, Jurij"]
[Black "Lanka, Zigurds"]
[Result "1/2-1/2"]
[WhiteElo "2360"]
[BlackElo "2480"]

1.e4 c5 2.Nf3 Nc6 3.d4 cxd4 4.Nxd4 Nf6 5.Nc3 d6 6.Bg5 e6 7.Qd2 a6 8.O-O-O h6
9.Be3 Be7 10.f4 Bd7 11.Bd3 b5 12.Kb1 O-O 13.e5 dxe5 14.Nxc6 Bxc6 15.fxe5 Ng4
16.Qe2 Nxe3 17.Bh7+ Kxh7 18.Rxd8 Rfxd8 19.Qxe3 Bg5 20.Qe1 Rd4 21.h4 Bd2 22.Qf2 Rd7
23.Qe2 Rad8 24.Ne4 Bf4 25.a3 Rd5 26.Rf1 Bxe5 27.Ng5+ hxg5 28.Qh5+ Kg8 29.Qxf7+ Kh8
30.Qh5+ Kg8  1/2-1/2

[Event "URS-chT"]
[Site "Podolsk"]
[Date "1990.??.??"]
[Round "?"]
[White "Lanka, Zigurds"]
[Black "Kovalev, Andrei"]
[Result "1/2-1/2"]
[WhiteElo "2480"]
[BlackElo "2500"]

1.e4 c5 2.Nf3 d6 3.d4 cxd4 4.Nxd4 Nf6 5.Nc3 Nc6 6.Bg5 e6 7.Qd2 a6 8.O-O-O h6
9.Be3 Nxd4 10.Bxd4 b5 11.f3 Qa5 12.Kb1 b4 13.Bxf6 gxf6 14.Ne2 Bb7 15.Nf4 O-O-O
16.Bc4 h5 17.Qe2 Bh6  1/2-1/2

[Event "URS-chT"]
[Site "Podolsk"]
[Date "1990.??.??"]
[Round "?"]
[White "Shabanov, Yuri"]
[Black "Ruban, Vadim"]
[Result "1/2-1/2"]
[WhiteElo "2385"]
[BlackElo "2565"]

1.e4 c5 2.Nf3 d6 3.d4 cxd4 4.Nxd4 Nf6 5.Nc3 Nc6 6.Bg5 e6 7.Qd2 a6 8.O-O-O h6
9.Be3 Be7 10.f4 Nxd4 11.Bxd4 b5 12.Bd3 Bb7 13.Qe2 b4 14.Na4 O-O 15.Nb6 Rb8
16.Nc4 d5 17.exd5 exd5 18.Ne5 Re8 19.g4 Nd7 20.Nxd7 Qxd7 21.Qf3 Qc6 22.Rhg1 Bf6
23.Bxf6 Qxf6 24.g5 hxg5 25.Rxg5 d4 26.Qg4 Be4 27.Rg1 g6 28.f5 Bxd3 29.cxd3 Rb5
30.h4 Rc5+ 31.Kb1 Qe5 32.fxg6 Qe1+ 33.Qd1 Qxd1+ 34.Rxd1 Rxg5 35.gxf7+ Kxf7
36.hxg5 Kg6 37.Rg1 a5 38.Rg4 Rd8 39.b3 Rd5 40.a4 Rxg5 41.Rxd4 Kf6 42.Re4 Rg2
43.Kc1 Rh2 44.d4 Kf5 45.Re5+ Kf4 46.Re8 Rh3 47.Kb2 Rd3 48.Re5 Rd2+ 49.Kb1 Rxd4
50.Rxa5 Ke3 51.Rc5 Rh4 52.Rc4 Rh1+ 53.Kb2 Rh2+ 54.Rc2 Rh4 55.Rc4 Rh2+ 56.Kb1 Rh1+
57.Rc1 Rh2 58.Rd1 Ke4 59.Kc1 Ke3 60.Kb1 Ke4 61.a5 Rh6 62.Kc2 Ra6 63.Rh1 Rc6+
64.Kd2 Rd6+ 65.Kc2  1/2-1/2

[Event "URS-chT"]
[Site "Podolsk"]
[Date "1990.??.??"]
[Round "?"]
[White "Timoshenko, Georgy"]
[Black "Panchenko, Alexander N"]
[Result "1/2-1/2"]
[WhiteElo "2540"]
[BlackElo "2445"]

1.e4 c5 2.Nf3 Nc6 3.d4 cxd4 4.Nxd4 Nf6 5.Nc3 d6 6.Bg5 e6 7.Qd2 a6 8.O-O-O Bd7
9.f4 b5 10.Bxf6 gxf6 11.f5 Nxd4 12.Qxd4 Bh6+ 13.Kb1 Bf4 14.fxe6 fxe6 15.Ne2 Be5
16.Qe3 Qc7 17.Ng1 Qc5  1/2-1/2

[Event "URS-ch (Women)"]
[Site "Podolsk"]
[Date "1990.??.??"]
[Round "9"]
[White "Erneste, Inguna"]
[Black "Demina, Julia"]
[Result "1-0"]
[WhiteElo "2190"]
[BlackElo "2330"]

1.e4 c5 2.Nf3 Nc6 3.d4 cxd4 4.Nxd4 Nf6 5.Nc3 d6 6.Bg5 e6 7.Qd2 a6 8.O-O-O h6
9.Be3 Nxd4 10.Bxd4 b5 11.Qe3 Bd7 12.f4 e5 13.Bb6 Qb8 14.fxe5 dxe5 15.Bc5 Qc7
16.Bxf8 Kxf8 17.Bd3 b4 18.Nd5 Nxd5 19.exd5 Qd6 20.Rhe1 f6 21.Qf3 h5 22.h3 h4
23.Bf5 Rd8 24.Re4 Kf7 25.Rc4 a5 26.Be6+ Kf8 27.Bxd7 Qxd7 28.d6 Qe6 29.Qb7 f5
30.Qb6 Kf7 31.Rc7+ Kf6 32.b3 Rd7 33.Rxd7 Qxd7 34.Qxa5 Rb8 35.Rd5 g6 36.Qc5 Rc8
37.Qxb4 Qc6 38.Rd2 Rd8 39.c4 e4 40.Qc3+ Kf7 41.Qd4 f4 42.Rf2 g5 43.Re2 e3
44.c5 Re8 45.Qc4+ Kf6 46.b4 Re5 47.Rc2  1-0

[Event "RLPF-chB"]
[Site "Polch"]
[Date "1990.??.??"]
[Round "?"]
[White "Bier, Norbert"]
[Black "Schmitt, KP."]
[Result "1/2-1/2"]
[WhiteElo "1995"]
[BlackElo "1850"]

1.e4 c5 2.Nf3 Nc6 3.d4 cxd4 4.Nxd4 Nf6 5.Nc3 d6 6.Bg5 Bd7 7.Bc4 a6 8.a3 e6
9.O-O Be7 10.Kh1 Nxe4 11.Nxe4 Bxg5 12.Nxd6+ Kf8 13.f4 Bf6 14.Nxc6 Bxc6 15.f5 Qe7
16.Qd3 Rd8 17.Rad1  1/2-1/2

[Event "Porz op25"]
[Site "Porz"]
[Date "1990.??.??"]
[Round "?"]
[White "Begnis, Nikolaos"]
[Black "Richter, Goetz"]
[Result "1/2-1/2"]
[WhiteElo "2275"]
[BlackElo "2205"]

1.e4 c5 2.Nf3 d6 3.d4 cxd4 4.Nxd4 Nf6 5.Nc3 Nc6 6.Bg5 e6 7.Qd2 a6 8.O-O-O Bd7
9.h4 Be7 10.f3 Qc7 11.Be3 Ne5 12.g4 b5 13.g5 Nh5 14.f4 b4 15.Nb1 Nc6 16.Rg1 Nxd4
17.Qxd4 e5  1/2-1/2

[Event "Bohemians"]
[Site "Prague"]
[Date "1990.??.??"]
[Round "?"]
[White "Prandstetter, Eduard"]
[Black "Rogers, Ian"]
[Result "1-0"]
[WhiteElo "2400"]
[BlackElo "2515"]

1.e4 c5 2.Nf3 Nc6 3.d4 cxd4 4.Nxd4 Nf6 5.Nc3 d6 6.Bg5 Bd7 7.Be2 e6 8.Ndb5 Qb8
9.a4 a6 10.Na3 Qc7 11.Qd2 Be7 12.Rd1 h6 13.Be3 Na7 14.Nc4 Nc8 15.a5 Bc6 16.f3 Nd7
17.O-O O-O 18.Kh1 b5 19.axb6 Ndxb6 20.Na5 Bd7 21.f4 f5 22.exf5 Rxf5 23.Ra1 Nd5
24.Nxd5 Rxd5 25.Qe1 Rb8 26.c4 Rf5 27.Bg4 Rf8 28.Bd4 e5 29.Bxd7 Qxd7 30.fxe5 Rxf1+
31.Qxf1 Bd8 32.e6 Qxe6 33.Nc6 Bb6 34.Bxg7 Kxg7 35.Nxb8 Bd4 36.Re1 Qg6 37.Qf3  1-0

[Event "Prestwich"]
[Site "Prestwich"]
[Date "1990.??.??"]
[Round "5"]
[White "Schlosser, Michael"]
[Black "Ulibin, Mikhail"]
[Result "0-1"]
[WhiteElo "2340"]
[BlackElo "2500"]

1.e4 c5 2.Nf3 Nc6 3.d4 cxd4 4.Nxd4 Nf6 5.Nc3 d6 6.Bg5 e6 7.Qd2 a6 8.O-O-O h6
9.Be3 Nxd4 10.Qxd4 Ng4 11.e5 Nxe3 12.fxe3 Be7 13.exd6 Bf6 14.Qb4 Bd7 15.Ne4 Be5
16.Nc5 Rc8 17.Nxb7 Qg5 18.Kb1 Qxe3 19.Bd3 Qa7 20.Rde1 Bf6 21.Rhf1 a5 22.Qe4 Bc6
23.Qg4 h5 24.Rxe6+ Kf8 25.Rexf6 hxg4 26.Rxf7+ Kg8 27.Bc4 Kh7 28.Bd3+ Kh6
29.Nd8 Qc5 30.Ne6 Qe5 31.Nf4 Qxd6 32.Re1 Rce8 33.Rh1 Rhf8 34.Rxf8 Rxf8  0-1

[Event "CRO-Cup"]
[Site "Pula"]
[Date "1990.??.??"]
[Round "?"]
[White "Mrdja, Milan"]
[Black "Damljanovic, Branko"]
[Result "1/2-1/2"]
[WhiteElo "2395"]
[BlackElo "2535"]

1.e4 c5 2.Nf3 Nc6 3.d4 cxd4 4.Nxd4 Nf6 5.Nc3 d6 6.Bg5 e6 7.Qd2 a6 8.O-O-O Bd7
9.f4 b5 10.Nxc6 Bxc6 11.Qe1 Be7 12.Bd3 b4 13.Bxf6 gxf6 14.Ne2 Qb6 15.f5  1/2-1/2

[Event "Pula tt2"]
[Site "Pula"]
[Date "1990.??.??"]
[Round "3"]
[White "Vujakovic, Branko"]
[Black "Bertok, Mario"]
[Result "1/2-1/2"]
[WhiteElo "2395"]
[BlackElo "2340"]

1.e4 c5 2.Nf3 Nc6 3.d4 cxd4 4.Nxd4 Nf6 5.Nc3 d6 6.Bg5 e6 7.Qd2 a6 8.O-O-O Bd7
9.f4 b5 10.Bxf6 gxf6 11.Kb1 Qb6 12.Nxc6 Bxc6 13.f5 O-O-O 14.Bd3 h5 15.fxe6 fxe6
16.Rhf1 Be7 17.Ne2 d5 18.exd5 Bxd5 19.Nf4 Qc7 20.Qe2 Qe5 21.Qf2 Qc7 22.a4 Rd6
23.Qe2 bxa4 24.Bxa6+ Kb8 25.Nxd5 exd5 26.Rf4 a3 27.Rb4+ Rb6  1/2-1/2

[Event "Pula op"]
[Site "Pula"]
[Date "1990.??.??"]
[Round "7"]
[White "Yurtaev, Leonid"]
[Black "Bagaturov, Giorgi"]
[Result "1-0"]
[WhiteElo "2505"]
[BlackElo "2370"]

1.e4 c5 2.Nf3 Nc6 3.d4 cxd4 4.Nxd4 Nf6 5.Nc3 d6 6.Bg5 e6 7.Qd3 a6 8.Rd1 Be7
9.Be2 Bd7 10.O-O O-O 11.Qg3 Nxd4 12.Rxd4 Qb6 13.Be3 Qxb2 14.Bh6 Ne8 15.Rb1 Qa3
16.Nd5 Qxg3 17.Nxe7+ Kh8 18.hxg3 gxh6 19.Rxb7 e5 20.Rd2 Be6 21.f3 f6 22.Nd5 Rf7
23.Rb6 Rfa7 24.a4 Kg7 25.a5 Bxd5 26.Rxd5 Kf8 27.Rd1 Ke7 28.Bc4 Rc8 29.Rxa6 Rxa6
30.Bxa6 Ra8 31.Bc4 Rxa5 32.Kf2 Rc5 33.Bb3 Ra5 34.Rh1 Kf8 35.Rxh6 Ra7 36.Rh1 Kg7
37.Rd1 Ra6 38.Rd3 Nc7 39.Ke3 Rc6 40.Rd1 Rb6 41.Kd3 Ra6 42.Rb1 Rb6 43.Rh1 h6
44.Rh4 Rb8 45.Rg4+ Kh7 46.Bf7 Rf8 47.Bg6+ Kh8 48.Bf5 Rg8 49.Rh4 Kg7 50.Rh1 Rb8
51.Ra1 Rb7 52.Kc4 Kf7 53.Ra3 Ke7 54.Rb3 Ra7 55.Rb8 Ra8 56.Rb7 Kd8 57.g4 Ra5
58.Rb8+ Ke7 59.Rh8 d5+ 60.exd5 Nxd5 61.Rh7+ Kd6  1-0

[Event "Reykjavik op"]
[Site "Reykjavik"]
[Date "1990.??.??"]
[Round "2"]
[White "Olafsson, David"]
[Black "Ivanov, Alexander"]
[Result "0-1"]
[WhiteElo "2260"]
[BlackElo "2520"]

1.e4 c5 2.Nf3 d6 3.d4 cxd4 4.Nxd4 Nf6 5.Nc3 Nc6 6.Bg5 e6 7.Qd2 a6 8.O-O-O Bd7
9.f4 Be7 10.Be2 O-O 11.Nb3 Ne8 12.Bxe7 Nxe7 13.Bd3 a5 14.Nd4 Nc7 15.Rhf1 Rb8
16.a4 d5 17.Qe2 Nc6 18.Nf3 Nb4 19.e5 f6 20.Nd4 Nc6 21.Qh5 f5 22.Ndb5 Nb4
23.Qe2 Bxb5 24.Bxb5 Nca6 25.Kb1 Nc5 26.Rf3 Rc8 27.Rh3 Qc7 28.g4 Qf7 29.g5 Ne4
30.Qe1 Rc7 31.g6 Qxg6 32.Nxe4 fxe4 33.c3 e3+  0-1

[Event "Reykjavik op"]
[Site "Reykjavik"]
[Date "1990.??.??"]
[Round "10"]
[White "Stefansson, Hannes"]
[Black "Makarichev, Sergey"]
[Result "0-1"]
[WhiteElo "2420"]
[BlackElo "2510"]

1.e4 c5 2.Nf3 Nc6 3.d4 cxd4 4.Nxd4 Nf6 5.Nc3 d6 6.Bg5 e6 7.Qd2 a6 8.O-O-O h6
9.Bf4 Bd7 10.Nxc6 Bxc6 11.f3 d5 12.e5 Nd7 13.h4 Qa5 14.a3 b5 15.Kb1 Qb6 16.Na2 a5
17.c3 Qb7 18.Qe1 Nc5 19.Rh2 Nb3 20.Bd3 b4 21.cxb4 axb4 22.Nxb4 Bxb4 23.Qxb4 Qxb4
24.axb4 Ke7 25.Kc2 Rhc8 26.Bd2 d4 27.Rb1 Bb5+ 28.Bc3 dxc3  0-1

[Event "Rimavska Sobota"]
[Site "Rimavska Sobota"]
[Date "1990.??.??"]
[Round "10"]
[White "Palac, Mladen"]
[Black "Chernikov, Oleg L"]
[Result "1/2-1/2"]
[WhiteElo "2505"]
[BlackElo "2395"]

1.e4 c5 2.Nf3 Nc6 3.d4 cxd4 4.Nxd4 Nf6 5.Nc3 d6 6.Bg5 g6 7.Bxf6 exf6 8.Bb5 Bd7
9.Nb3 Be6 10.O-O Bg7 11.f4 f5 12.exf5 Bxf5 13.Re1+  1/2-1/2

[Event "Rimavska Sobota"]
[Site "Rimavska Sobota"]
[Date "1990.??.??"]
[Round "13"]
[White "Mokry, Karel"]
[Black "Chernikov, Oleg L"]
[Result "1/2-1/2"]
[WhiteElo "2505"]
[BlackElo "2395"]

1.e4 c5 2.Nf3 Nc6 3.d4 cxd4 4.Nxd4 Nf6 5.Nc3 d6 6.Bg5 g6 7.Bxf6 exf6 8.Bc4 Bg7
9.Ndb5 O-O 10.Qxd6 f5 11.O-O-O Qg5+ 12.f4 Qh6 13.Kb1 fxe4 14.Nxe4 Bg4 15.Rde1 a6
16.Nbc3 Rad8 17.Nf6+ Kh8 18.Nxg4 Qh4 19.Qc5 Qxg4 20.Qg5 Qxg5 21.fxg5 Bxc3
22.bxc3 b5 23.Bd3 Rd5 24.Be4 Rc5 25.Bxc6 Rxc6 26.Re3 Rc4 27.g3 h6 28.gxh6 Kh7
29.Rf1 f5 30.Re6 Rfc8 31.Rxa6 Rxc3 32.Rf2 R3c6 33.Rxc6 Rxc6 34.Kb2 Kxh6 35.Kb3 Rc4
36.c3 Kh5 37.Rd2 Kg4 38.Rf2 Kh3 39.a3 Rc7 40.Rd2 Rc8 41.a4 bxa4+ 42.Kb4 g5
43.Rf2 Kg4 44.c4 f4 45.gxf4  1/2-1/2